| 000 | 00382pab a2200133 454500 | ||
|---|---|---|---|
| 008 | 180718b2005 xxu||||| |||| 00| 0 eng d | ||
| 100 | _aFogel, Robert W. | ||
| 245 | _aReconsidering expectations of economic growth after world war II from the perspective of 2004 | ||
| 260 | _c2005 | ||
| 300 | _ap.6-14. | ||
| 650 | _aEconomic growth | ||
| 773 | _aIMF Staff Papers | ||
| 909 | _a68921 | ||
| 999 |
_c68921 _d68921 |
||